| 000 | 00998nam a22002177a 4500 | ||
|---|---|---|---|
| 005 | 20210325191100.0 | ||
| 008 | s2539 th tha d | ||
| 041 | _atha | ||
| 090 | _aว TD745 ว547ก 2539 | ||
| 100 | 0 | _aวิชาญ วงศ์วิวัฒน์ | |
| 245 | 1 | 0 | _aการพัฒนารูปแบบของการจัดการน้ำเสียจากแหล่งชุมชนของประเทศ |
| 260 | 3 |
_aกรุงเทพฯ : _bวิทยาลัยป้องกันราชอาณาจักร, _c2539 |
|
| 300 |
_a156 หน้า : _b ตาราง ; _c 28 ซม. |
||
| 650 | 0 | 4 | _aน้ำเสีย -- วิจัย |
| 650 | 0 | 4 | _aชุมชน -- น้ำเสีย -- วิจัย |
| 650 | 0 | 4 | _aน้ำเสีย -- การบำบัด -- วิจัย |
| 850 | _aNALT | ||
| 942 | _cRSH | ||
| 997 |
_c000000000027352 _kVC |
||
| 998 | _aNISA LAUNGTONGKUM | ||
| 999 |
_c27352 _d27352 |
||